Geology and ore deposits of the Breckenridge mining district, Colorado / (Record no. 27117)

MARC details
000 -LEADER
fixed length control field 01040cam a22002771 4500
001 - CONTROL NUMBER
control field gs 34000192
003 - CONTROL NUMBER IDENTIFIER
control field DLC
005 - DATE AND TIME OF LATEST TRANSACTION
control field 20260227111338.0
008 - FIXED-LENGTH DATA ELEMENTS--GENERAL INFORMATION
fixed length control field 720628s1934 dcu abf f000 0 eng
010 ## - LIBRARY OF CONGRESS CONTROL NUMBER
LC control number gs 34000192
035 ## - SYSTEM CONTROL NUMBER
System control number (OCoLC)344326
040 ## - CATALOGING SOURCE
Original cataloging agency DLC
Transcribing agency ODaWU
Modifying agency MeWC
-- DLC
042 ## - AUTHENTICATION CODE
Authentication code premarc
050 00 - LIBRARY OF CONGRESS CALL NUMBER
Classification number QE75
Item number .P9 no. 176
051 ## - LIBRARY OF CONGRESS COPY, ISSUE, OFFPRINT STATEMENT
Classification number TN24.C6
Item number L78
Copy information Copy 2.
100 1# - MAIN ENTRY--PERSONAL NAME
Personal name Lovering, T. S.
Fuller form of name (Thomas Seward),
Dates associated with a name 1896-1991.
245 10 - TITLE STATEMENT
Title Geology and ore deposits of the Breckenridge mining district, Colorado /
Statement of responsibility, etc. by T.S. Lovering.
260 ## - PUBLICATION, DISTRIBUTION, ETC.
Place of publication, distribution, etc. Washington [D.C.] :
Name of publisher, distributor, etc. U.S. Govt. Print. Off.,
Date of publication, distribution, etc. 1934
300 ## - PHYSICAL DESCRIPTION
Extent vi, 64 p., 15 leaves of plates :
Other physical details ill., maps (some col.) ;
Dimensions 29 cm
490 1# - SERIES STATEMENT
Series statement Professional paper / U.S. Dept. of the Interior, Geological Survey ;
Volume/sequential designation 176
500 ## - GENERAL NOTE
General note 5 maps in pocket
504 ## - BIBLIOGRAPHY, ETC. NOTE
Bibliography, etc. note Includes bibliographical references and index
650 #0 - SUBJECT ADDED ENTRY--TOPICAL TERM
Topical term or geographic name entry element Geology
Geographic subdivision Colorado
-- Summit County.
650 #0 - SUBJECT ADDED ENTRY--TOPICAL TERM
Topical term or geographic name entry element Ore deposits
Geographic subdivision Colorado
-- Summit County.
830 #0 - SERIES ADDED ENTRY--UNIFORM TITLE
Uniform title Geological Survey professional paper ;
Volume/sequential designation 176

No items available.

Powered by Koha